"Aventure" am Weißen Berg - "Aventure" des Lebens: Sinnsuche und Selbstdarstellung in den Tagebüchern Fürst Christians II.

Titel: "Aventure" am Weißen Berg - "Aventure" des Lebens: Sinnsuche und Selbstdarstellung in den Tagebüchern Fürst Christians II. / Andreas Herz
Verfasser:
In: Daphnis, Band 47, Heft 3-4 (2019), Seite 528-557
alle Artikel anzeigen
Veröffentlicht: 2019
Format: Aufsatz
Sprache: Deutsch
Schlagworte:
Kein Bild verfügbar
X
alg: 52222579
001A    $03025:15-10-24 
001B    $01999:15-10-24 $t22:47:47.000 
001D    $03025:15-10-24 
001U    $0utf8 
001X    $00 
002@    $0Oou 
002C    $aText $btxt $2rdacontent 
002D    $aComputermedien $bc $2rdamedia 
002E    $aOnline-Ressource $bcr $2rdacarrier 
003@    $0522225799 
007A    $0522225799 $aHEB 
009Q    $uhttps://doi.org/10.1163/18796583-04703013 $xVolltext 
010@    $ager 
010E    $erda 
010E    $erda 
011@    $a2019 
021A    $a"Aventure" am Weißen Berg - "Aventure" des Lebens: Sinnsuche und Selbstdarstellung in den Tagebüchern Fürst Christians II. $hAndreas Herz 
028A    $BVerfasser $4aut $71044494867 $8Herz, Andreas$Z1955- [Tp3] $933398496X 
031A    $d47 $e3-4 $h528-557 $j2019 
039B    $aEnthalten in $8--Obvc--. Daphnis. - Leiden {[u.a.] : Brill Rodopi, 1978-. - Online-Ressource. - ISSN 1879-6583 $x201900000470003472 $9079276997 
044K    $RChristian $REleonora Sophia $RErnesta Augusta $REleonore Hedwig $RAnna Elisabeth $#Christian  II. $#Christianus  $#Christianus  II. $#Christianus  $#Der Unveränderliche $#Der Unverenderliche $#Unveränderliche, Der $#Unverenderliche, Der $7119130947 $8$PChristian$nII.$lAnhalt-Bernburg, Fürst$Z1599-1656 [Tp1] $9087471086 
044K    $RAutobiografische Literatur $RQuelle $RAutobiografie $RErlebnisbericht $RReisebericht $#Diaries $#Journaux intimes $#Diarios íntimos $#Tagebücher $#Tagebuchaufzeichnungen $#Journal intime $#Diary $74058900-6 $8Tagebuch [Ts1] $9085163724 
044K    $RKrieg $#Thirty Years' War, 1618-1648 $#Guerre de Trente Ans (1618-1648) $#Guerra dei trent'anni <1618-1648> $#Guerra de los Treinta Años, 1618-1648 $#Dreißigjähriger Krieg $74012985-8 $8Dreißigjähriger Krieg [Ts1] $908502841X 
044K    $RGeschichtsbewusstsein $RGeschichtsdenken $RGeschichtspolitik $#Geschichtsbild $#Geschichtsauffassung $#Geschichtsverständnis Geschichtsbild $#Geschichtsdeutung $74071769-0 $8Geschichtsbild [Ts1] $9085202037 
044K    $RSchlacht $RBöhmischer Aufstand $74559421-1 $8Schlacht am Weißen Berg [Ts1] $9089535561 
045R    $aGeschichte 1620-1622 
045T    $aAVL $qDE-30 $2FID 
045T    $aGER $qDE-30 $2FID 
045T    $a7,20 

lok: 52222579 78

exp: 52222579 78 1 #EPN
201B/01 $015-10-24 $t12:01:46.000 
201C/01 $015-10-24 
201U/01 $0utf8 
203@/01 $01278056971 
208@/01 $a15-10-24 $be 
209A/01 $a/ $f000 $x00 
209A/01 $ab*p $x01 
209A/01 $aEnglische Zusammenfassung, S. 528: Adventure at the White Mountain – Adventure of a Lifetime. Search for Meaning and Representation of the Self in the Dairies of Prince Christian II of Anhalt-Bernburg (1599-1656) $x03 
220C/01 $apgar 
244Z/01 $#Böhmische Kronländer $#Länder der Böhmischen Krone $#Sudetenland $#Böhmen $#Mähren $#Mährisch-Schlesien $#Österreichisch-Schlesien $#Tschechische Sozialistische Republik Böhmische Länder $#Tschechei Böhmische Länder $#Země koruny české $74069573-6 $8--Tg1--Böhmische Länder $x03 $9085195553 
247C/01 $82080>Marburg/Lahn, Herder-Institut, Forschungsbibliothek, Bibliographieportal $9336309341
LEADER 00000caa a2200000 c 4500
001 522225799
003 DE-603
005 20241015224747.0
007 cr||||||||||||
008 241015s2019 xx |||| o| u00||u|ger c
035 |a (DE-599)HEB522225799 
040 |a DE-603  |b ger  |c DE-603  |d DE-603  |e rda 
041 |a ger 
084 |a AVL  |q DE-30  |2 fid 
084 |a GER  |q DE-30  |2 fid 
084 |a 7,20  |2 ssgn 
100 1 |a Herz, Andreas  |d 1955-  |e Verfasser  |4 aut  |0 (DE-603)33398496X  |0 (DE-588)1044494867  |2 gnd 
245 0 0 |a "Aventure" am Weißen Berg - "Aventure" des Lebens: Sinnsuche und Selbstdarstellung in den Tagebüchern Fürst Christians II.  |c Andreas Herz 
264 0 |c 2019 
336 |a Text  |b txt  |2 rdacontent 
337 |a Computermedien  |b c  |2 rdamedia 
338 |a Online-Ressource  |b cr  |2 rdacarrier 
600 0 7 |a Christian  |b II.  |c Anhalt-Bernburg, Fürst  |d 1599-1656  |0 (DE-588)119130947  |0 (DE-603)087471086  |2 gnd 
648 7 |a Geschichte 1620-1622  |2 gnd 
650 7 |a Tagebuch  |0 (DE-588)4058900-6  |0 (DE-603)085163724  |2 gnd 
650 7 |a Dreißigjähriger Krieg  |0 (DE-588)4012985-8  |0 (DE-603)08502841X  |2 gnd 
650 7 |a Geschichtsbild  |0 (DE-588)4071769-0  |0 (DE-603)085202037  |2 gnd 
650 7 |a Schlacht am Weißen Berg  |0 (DE-588)4559421-1  |0 (DE-603)089535561  |2 gnd 
773 0 8 |i Enthalten in  |t Daphnis  |d Leiden ˜[u.a.] œ: Brill Rodopi, 1978-  |h Online-Ressource  |x 1879-6583  |g Band 47, Heft 3-4 (2019), Seite 528-557  |w (DE-603)079276997  |w (DE-600)1481780-9 
856 |u https://doi.org/10.1163/18796583-04703013 
924 1 |9 2080  |a (DE-603)1278056971  |b DE-2080  |c HES  |d d  |g /